000 00356nam a2200133Ia 4500
008 220120s9999||||xx |||||||||||||| ||und||
020 _a81-203-2063-8
082 _a510 RUD
100 _aRudraiah, N Shivakumar, B.S Rohini, G
245 0 _aEngineering mathematics
260 _bNew Delhi
_c2000
300 _aXII, 578p.
_b150
650 _aOperating systems
999 _c131965
_d131965